000 00544cab a2200217 4500
001 ABS42574
008 090401t1990 xxu||||| |||| 00| 0 eng d
035 _a(Sirsi) u37656
041 _aeng
100 _aTan, R.
245 _aSurging demand for dwindling supply
260 _c1990
350 _a0
490 _aWorld Property
_vApril 1990, 52-54(3)
520 _aReviews the property market of Kuala Lumpur .
650 _aASIA
650 _aMALAYSIA
690 _aOVERSEAS-REST OF THE WORLD
942 _n0
948 _c04/03/1997
999 _c24277
_d24277